000 00675nam a2200169 a 4500
008 170215s2015 ||||||||||||||||| || u
050 _aCBU-UG THESIS/MWA
100 _aMwape, Collins
245 1 0 _aConstraints to the development of fish farming in Mufulira
_cby Collins Mwape
260 _aKitwe:
_bCopperbelt University, School of Natural Resources
_c2015
300 _aix, 39p.: ill.
500 _aIncludes References
650 _aFISHERIES--ZAMBIA
650 _aFISH-CULTURE--ZAMBIA
650 _aAQUACULTURE INDUSTRY--ZAMBIA
995 _aSPECIAL COLLECTIONS
_e4209
_FCBU-MAIN LIBRARY (Kitwe)
_jCBU-UG THESIS/MWA
_M2
_UAVAILABLE
_WJul 27, 2020
_yB4209
_ZUniversity Collection
999 _c79761
_d79761